000 00556nam a2200217Ia 4500
003 OSt
005 20220926035026.0
006 a|||||r|||| 00| 0
007 ta
008 220923b |||||||| |||| 00| 0 eng d
037 _cGeneral Book
040 _aRTL
_cRTL
_beng
041 _2eng
_aeng
082 _aX:B, G2
100 _aMehta J K
_998422
245 0 _aElements of economics mathematically interpreted
260 _c1932
650 _aMathematical Economics
942 _hX:B, G2
_cGB
_2CC
999 _c661158
_d661158